000
00263nam a22001097a 4500
082
_a
915
_b
ASA
100
_a
Asad, Muhammad
_9
1343
245
_a
The Road to Makkah /
_c
Muhammad Asad
260
_a
New York
_c
1980.
300
_a
380p. ;
_b
Hardcover
942
_2
ddc
_c
BK
999
_c
594556
_d
594556